| 000 | 00343nam a2200145Ia 4500 | ||
|---|---|---|---|
| 008 | 230312s9999||||xx |||||||||||||| ||und|| | ||
| 020 | _a0-7020-3059-8 | ||
| 082 |
_a615 _bBAT-O |
||
| 100 | _aBatterbury;Mark | ||
| 245 | 0 | _aOphthalmology | |
| 260 |
_bElsevier _aindia _c2009 |
||
| 300 | _a125 | ||
| 650 |
_aMedical _vOphthalmology |
||
| 942 | _cBK | ||
| 999 |
_c10144 _d10144 |
||